| 000 | 00805nam0a22002891 4500 | ||
|---|---|---|---|
| 001 | RU\INGAK2\INFOCOMM_327\NLR\5000036092 | ||
| 005 | 20250625203059.0 | ||
| 035 | _a(NLR Aleph) 011047366 | ||
| 090 |
_a11180718 _c11180718 |
||
| 100 | _a20130221d1962 |||y0rusy50 ca | ||
| 101 | 0 | _aeng | |
| 102 | _aRU | ||
| 105 | _ay z|||| | ||
| 200 | 1 |
_aMetamphetaminhydorchlorid _eClinical data _fV/O "Medexport" |
|
| 210 |
_aM. _cVneshtorgizdat _d[1962] |
||
| 215 |
_a8 с. _d22 см |
||
| 320 | _aБиблиогр.: с. 6 | ||
| 606 | 0 |
_aПервитин _2nlr_sh1 |
|
| 620 | _aМосква | ||
| 686 |
_aМд5-153 _2rubbk |
||
| 686 |
_aМд7-76 _2rubbk |
||
| 712 | 0 | 2 |
_a"Medexport", v/o _4570 |
| 801 | 1 |
_aRU _bInfoComm _c20130221 |
|
| 801 | 0 |
_aRU _bNLR _gPSBO |
|
| 852 |
_aNLR _jМд17 Г-6/43 |
||
| 942 | _cBOOK | ||
| 980 | _aNB | ||